书目信息 |
| 题名: |
人民的英国史
|
|
| 作者: | 阿·莱·莫尔顿 著 ;谢琏造 , 瞿菊农 , 李稼年 , 黎世清 译 | |
| 分册: | 上册 | |
| 出版信息: | 上海 生活·读书·新知三联书店 1976.6 |
|
| 页数: | 437-833页 | |
| 开本: | 20cm | |
| 丛书名: | ||
| 单 册: | ||
| 中图分类: | K561.0 | |
| 科图分类: | ||
| 主题词: | 西欧--历史 | |
| 电子资源: | ||
| ISBN: | ||
| 000 | 00855nam0 2200289 45 | |
| 001 | 0211251652 | |
| 005 | 20031219104101.2 | |
| 010 | @dCNY2.25 | |
| 091 | @a11002.467 | |
| 100 | @a20021125d1976 km y0chiy0120 ea | |
| 101 | 0 | @achi |
| 105 | @a z 000yy | |
| 200 | 1 | @a人民的英国史@h上册@ARen Min De Ying Guo Shi@f(英)阿·莱·莫尔顿著@F(Ying)A·Lai·Mo Er Dun Zhu@g谢琏造等译 |
| 210 | @a上海@c生活·读书·新知三联书店@d1976.6 | |
| 215 | @a437-833页@d20cm | |
| 300 | @a内部参考 | |
| 300 | @a附录:英国史参考书目举要 | |
| 320 | @a索引 | |
| 606 | 0 | @a西欧@x历史 |
| 690 | @aK561.0@v1 | |
| 701 | 0 | @a阿·莱·莫尔顿@4著 |
| 702 | 0 | @a谢琏造@AXie Lian Zao@4译 |
| 702 | 0 | @a瞿菊农@4译@AQu Ju Nong |
| 702 | 0 | @a李稼年@4译@ALi Jia Nian |
| 702 | 0 | @a黎世清@4译@ALi Shi Qing |
| 801 | @aCN@bTSTC@c20021125 | |
| 905 | @dK561.0@e16:2@f1@b228439 | |
| 人民的英国史.上册/(英)阿·莱·莫尔顿著/谢琏造等译.-上海:生活·读书·新知三联书店,1976.6 |
| 437-833页;20cm |
| 内部参考.-附录:英国史参考书目举要 |
| ISBN :CNY2.25 |
| ● |
| 相关链接 |
|
|
|
|
正题名:人民的英国史
索取号:K561.0/16:2
 
预约/预借
| 序号 | 登录号 | 条形码 | 馆藏地/架位号 | 状态 | 备注 |
| 1 | 0228439 | 001629571 | 第二样本阅览室/ [索取号:K561.0/16:2] | 在馆 |